A butterfly doesn't waddle. (Record no. 105750)
[ view plain ]
| 000 -LEADER | |
|---|---|
| fixed length control field | 00339nam a2200133 a 4500 |
| 005 - DATE AND TIME OF LATEST TRANSACTION | |
| control field | 20140412111413.0 |
| 008 - FIXED-LENGTH DATA ELEMENTS--GENERAL INFORMATION | |
| fixed length control field | 070703s19uu xx 00 eng d |
| 020 ## - INTERNATIONAL STANDARD BOOK NUMBER | |
| International Standard Book Number | 0-87449-766-3 |
| 050 ## - LIBRARY OF CONGRESS CALL NUMBER | |
| Classification number | ER |
| Item number | Bu982 |
| 245 ## - TITLE STATEMENT | |
| Title | A butterfly doesn't waddle. |
| 260 ## - PUBLICATION, DISTRIBUTION, ETC. (IMPRINT) | |
| Place of publication, distribution, etc | Canada : |
| Name of publisher, distributor, etc | Modern publishing. |
| 440 ## - SERIES STATEMENT/ADDED ENTRY--TITLE | |
| Title | Honey bear book |
| Withdrawn status | Lost status | Damaged status | Home library | Current library | Shelving location | Date acquired | Source of acquisition | Total Checkouts | Full call number | Barcode | Date last seen | Price effective from | Koha item type |
|---|---|---|---|---|---|---|---|---|---|---|---|---|---|
| Elizalde Library | Elizalde Library | Easy Reading Section | 07/03/2007 | ER Bu982 | E10600 | 04/12/2014 | 04/12/2014 | Books |